|
|
|
|
| LEADER |
00000nam a2200000 a 4500 |
| 001 |
vtls001411324 |
| 003 |
SK-MaSNL |
| 005 |
20260302035054.0 |
| 008 |
240314s1958 xr k g 0 000 cze |
| 035 |
|
|
|a SNK000366030
|
| 040 |
|
|
|a SNK
|b slo
|c SNK
|e AACR2
|
| 041 |
0 |
|
|a cze
|b rus
|
| 044 |
|
|
|a xr
|c CZ
|
| 080 |
|
|
|a 612.648
|2 2011
|
| 080 |
|
|
|a 616-005.1
|2 2011
|
| 080 |
|
|
|a 577.161.5
|2 2011
|
| 100 |
1 |
|
|a Hrodek, Otto,
|d 1922-
|4 aut
|9 98322
|
| 245 |
1 |
0 |
|a Krvácivost novorozenců a vitamin K
|c Otto Hrodek
|
| 260 |
|
|
|a Praha
|b Státní zdravotnické nakladatelství
|c 1958
|
| 300 |
|
|
|a 117 s.
|b tab.
|
| 504 |
|
|
|a Literatúra s. 109-117
|
| 546 |
|
|
|a Resumé v ruštine
|
| 650 |
0 |
7 |
|a novorodenci
|2 SNKPH
|9 1225
|
| 650 |
0 |
7 |
|a hemorágia
|2 SNKPH
|9 2514
|
| 650 |
0 |
7 |
|a vitamín K
|2 SNKPH
|9 28979
|
| 852 |
|
|
|a Štátna vedecká knižnica v Banskej Bystrici
|
| 999 |
|
|
|c 1069128
|d 1071058
|
| 952 |
|
|
|t P60, <04>, [BOOK], {604}
|a SNK
|b SNK
|y VYP
|7 0
|p 17A0297248
|o snkIC 3850/377
|0 0
|1 0
|4 0
|d 2001-04-10
|l 0
|r 2005-01-02 00:00:00
|w 2026-02-24
|